01358nas a2200361 4500001001300000003000900013005001700022007000300039008003400042040005400076041000900130072001300139100002400152100002000176100001900196100002100215100002000236100001800256245013500274246012600409650001100535650002600546650001700572650001300589650002100602650000900623650002200632773011100654909004000765942001800805999001900823952015400842BR2012009493BR-BrBNA20231205121628.0ta230509b bl.|||p| |||| 00| 00por d aBR-BrBNAbporcBiblioteca Nacional de Agricultura a(Pt) aL53; L401 aAssis Neto, A.C. de1 aMorceli, J.A.B.1 aFonseca, R. da1 aAmbrósio, C.E.1 aPereira, F.T.V.1 aMiglino, M.A.1 aEvolução morfométrica dos anexos embrionários e fetais bovinos obtidos por monta natural, com 10 a 70 dias da gestação1 aBiometrics evolution of the embryonic and fetal annexes in cows obtained by natural mating, at 10 to 70 days of gestation aBOVINO aREPRODUÇÃO ANIMAL aGESTAÇÃO aPLACENTA aEMBRIÃO ANIMAL aFETO aMORFOLOGIA ANIMAL0 tPesquisa Veterinária Brasileira (Brazil)xISSN 0100-736Xg(Oct 2009), v. 29(10) p. 859-862wBR2012009493 a202311bLúciac55dLúcia Elande 2AGRISn0cANA c224454d224454 002AGRIS4071a41918b41918cPeriódicos Agrícolash(Oct 2009), v. 29(10) p. 859-862l0r2023-11-29t01yCRePortaria Interministerial nº 164/94